| 000 | 00727nas a2200229 4500 | ||
|---|---|---|---|
| 001 | BR1300021 | ||
| 003 | BR-BrBNA | ||
| 005 | 20231205081812.0 | ||
| 007 | ta | ||
| 008 | 230509b bl.|||p| |||| 00| 00por d | ||
| 040 |
_aBR-BrBNA _bpor _cBiblioteca Nacional de Agricultura |
||
| 041 | _a(Pt) | ||
| 072 | _aE50 | ||
| 110 | 1 |
_aSecretaria da Agricultura, Industria e Commercio do Estado do Parana, Curitiba (Brasil) _98440 |
|
| 245 | 1 | _aOs nucleos coloniaes do Parana [colonizacao, Brasil] | |
| 650 | _aCOLONIZACAO | ||
| 650 | _aCOMUNIDADE RURAL | ||
| 650 | _aPARANÁ | ||
| 773 | 0 |
_tCasa do Lavrador (Brazil) _x _g(Nov 1913), v. 2(11) p. 792-795 _wBR1300021 |
|
| 909 |
_a202311 _bLúcia _c55 _dLúcia Elande |
||
| 942 |
_2AGRIS _n0 _cANA |
||
| 999 |
_c86968 _d86968 |
||